Una Stagione Ardente

সংরক্ষণ করুন:
গ্রন্থ-পঞ্জীর বিবরন
প্রধান লেখক: Kathleen.E.Woodiwiss
বিন্যাস: গ্রন্থ
ভাষা:অজানা বা ভুল ভাষা
প্রকাশিত: Sonsogno Editore
ট্যাগগুলো: ট্যাগ যুক্ত করুন
কোনো ট্যাগ নেই, প্রথমজন হিসাবে ট্যাগ করুন!

MARC

LEADER 00000nam a2200000Ia 4500
001 R-775
003 CODICE-MESSINA
005 20260212102457.0
008 260211s9999 xx 000 0 und d
040 |c importazione_messina 
100 |a Kathleen.E.Woodiwiss 
245 0 |a Una Stagione Ardente 
260 |b Sonsogno Editore 
942 |2 ddc  |c BK 
952 |0 0  |1 0  |2 ddc  |4 0  |6 SCAFFALE_7_000000000000000__ROMANZI  |7 0  |9 31602  |a ME  |b ME  |d 2026-02-11  |l 0  |o SCAFFALE 7 - ROMANZI  |p R-775  |r 2026-02-11 23:52:39  |w 2026-02-11  |x [REVISIONARE]  |y BK 
999 |c 27267  |d 27267